[Event "10th Sharjah Cup Women 2020"]
[Site "Sharjah"]
[Date "2020.01.08"]
[Round "6.16"]
[White "Samaganova, Alexandra"]
[Black "Rayan, Mohammad Ali Hassan"]
[Result "1-0"]
[WhiteElo "2008"]
[BlackElo "1473"]
[Annotator "NA RC"]
[PlyCount "107"]
[EventDate "2020.01.04"]
[EventType "swiss"]
[EventCountry "UAE"]
[SourceTitle "playchess.com"]
[Source "ChessBase"]
[SourceQuality "1"]
[TimeControl "5400+30"]

{[%evp 8,94,37,6,50,37,73,57,70,62,96,0,30,4,19,-16,39,25,68,0,-14,-8,-14,-139,-151,-214,-160,32767,79,84,32767,32767,32767,32767,147,32767,32767,32767,32767,144,150,147,146,116,165,122,152,135,147,137,171,135,139,135,213,216,250,32767,32767,32767,32767,299,287,281,483,672,448,803,594,1456,5485,12841,1055,6091,29979,29982,29980,32767,32767,32767,32767,32767,32767,32767,32767,32767,32767,32767,29986]} 1. c4 {[%emt 0:00:00]} e6 {[%emt 0:16:21]} 2. Nc3 {[%emt 0:00:00]} Nf6 {[%emt 0:00:07]} 3. e4 {[%emt 0:00:03]} d5 {[%emt 0:00:53]} 4. e5 {[%emt 0:00:27]} Ne4 {[%emt 0:05:05]} 5. Qc2 {[%emt 0:24:09]} (5. Nf3 Nc6 6. d4 Bb4 7. Qc2 f6 8. exf6 Qxf6 9. Be3 Qg6 10. O-O-O Nxc3 11. bxc3 Ba3+ 12. Kb1 Qxc2+ 13. Kxc2 Bd6 14. c5 {1-0 (47) Zwardon,V (2471)-Murdzia,P (2425) Czech Republic 2019}) 5... Nxc3 {[%emt 0:07:01]} 6. dxc3 {[%emt 0:04:13] A18: English Opening: Flohr-Mikenas System (1 c4 Nf6 2 Nc3 e6 3 e4)} Nc6 {[%emt 0:05:05]} 7. Nf3 {[%emt 0:04:54]} d4 {[%emt 0:12:13]} 8. a3 $146 {[%emt 0:08:18]} ({Predecessor:} 8. Bd2 dxc3 9. Bxc3 Nb4 10. Qe2 a5 11. a3 Nc6 12. Rd1 Bd7 {1-0 (40) Piskunov,A (2314)-Burmakin,E (2253) Krasnoyarsk 2013}) 8... a5 {[%emt 0:01:43]} 9. b3 {[%emt 0:01:39]} ({White should try} 9. Bd2 $16) 9... dxc3 {[%emt 0:07:27]} 10. Qxc3 {[%emt 0:02:54]} Bc5 {[%emt 0:00:22]} 11. Bb2 {[%emt 0:04:28]} O-O {[%emt 0:00:55]} 12. Bd3 {[%emt 0:01:57]} b6 {[%emt 0:03:12]} 13. Be4 {[%emt 0:08:46]} (13. Qc2 $16) 13... Bb7 {[%emt 0:00:21]} 14. O-O {[%emt 0:00:14]} Qe7 {[%emt 0:00:40]} 15. Ne1 {[%emt 0:08:09] [#]} (15. Bc1 $11) 15... Nd4 $1 {[%emt 0:07:27]} 16. Bd3 {[%emt 0:09:17]} Qg5 {[%emt 0:07:09]} 17. Kh1 {[%emt 0:05:48]} Qxe5 $2 {[%emt 0:06:52] [#]} (17... Rfd8 $17 {stays on course.} 18. Rd1 Qh6) 18. b4 $1 {[%emt 0:00:39]} axb4 {[%emt 0:07:45]} 19. axb4 {[%emt 0:00:07]} Rxa1 {[%emt 0:00:02]} 20. Bxa1 {[%emt 0:00:07]} Be7 {[%emt 0:00:36]} 21. Qxd4 {[%emt 0:01:56]} Qxd4 {[%emt 0:00:43]} 22. Bxd4 {[%emt 0:00:02]} Bxb4 {[%emt 0:00:02]} 23. Nc2 {[%emt 0:02:21]} Bd6 {[%emt 0:01:01]} 24. f3 {[%emt 0:02:51]} Rd8 {[%emt 0:01:10]} 25. Be2 {[%emt 0:00:54]} h6 {[%emt 0:01:09]} 26. g3 {[%emt 0:02:26]} f6 {[%emt 0:01:48]} 27. Kg2 {[%emt 0:00:43]} e5 {[%emt 0:00:39]} 28. Be3 {[%emt 0:00:29]} Be7 {[%emt 0:01:41]} 29. Rd1 {[%emt 0:00:48]} Rxd1 {[%emt 0:00:40]} 30. Bxd1 {[%emt 0:00:01]} e4 {[%emt 0:01:38]} (30... Kf7 $16 31. Bd2 f5) 31. Bf4 {[%emt 0:02:07]} Bd6 {[%emt 0:01:44]} 32. Bxd6 {[%emt 0:01:48]} cxd6 {[%emt 0:00:01]} 33. Nb4 {[%emt 0:00:13]} Kf7 {[%emt 0:00:40]} 34. fxe4 {[%emt 0:01:30]} Bxe4+ {[%emt 0:00:02]} 35. Bf3 {[%emt 0:00:01]} Bxf3+ {[%emt 0:02:02]} (35... Bg6 $142 36. Nd5 Ke6) 36. Kxf3 {[%emt 0:00:02]} Ke6 {[%emt 0:00:57]} 37. Nd5 {[%emt 0:01:29]} f5 {[%emt 0:00:37]} 38. Nxb6 {[%emt 0:00:12]} g5 {[%emt 0:00:04]} 39. Nd5 {[%emt 0:01:41]} Ke5 {[%emt 0:00:22]} 40. Ke3 {[%emt 0:00:58]} h5 {[%emt 0:00:36]} 41. h4 {[%emt 0:00:38]} gxh4 {[%emt 0:01:06]} 42. gxh4 {[%emt 0:00:02]} f4+ {[%emt 0:00:26]} 43. Nxf4 {[%emt 0:00:11]} Kf5 {[%emt 0:00:03]} 44. Nxh5 {[%emt 0:00:30]} Kg4 {[%emt 0:00:02]} 45. Nf6+ {[%emt 0:00:19]} Kxh4 {[%emt 0:00:07]} 46. Ne8 {[%emt 0:00:13]} Kg5 {[%emt 0:00:11]} 47. Nxd6 {[%emt 0:00:09]} Kf6 {[%emt 0:00:04]} 48. Kd4 {[%emt 0:00:18]} Ke6 {[%emt 0:00:04]} 49. Kc5 {[%emt 0:00:31]} Kd7 {[%emt 0:00:02]} 50. Nb5 {[%emt 0:00:22]} Kc8 {[%emt 0:00:06]} 51. Kc6 {[%emt 0:00:19]} Kb8 {[%emt 0:00:20]} 52. Nd6 {[%emt 0:00:36]} Ka7 {[%emt 0:01:21]} 53. c5 {[%emt 0:00:33]} Kb8 {[%emt 0:00:26]} 54. Kd7 {[%emt 0:00:28]} 1-0

[Event "10th Sharjah Cup Women 2020"]
[Site "Sharjah"]
[Date "2020.01.08"]
[Round "6.18"]
[White "Amal, Fadel S M Alshamsi"]
[Black "Kyrkjebo, Hanna B."]
[Result "1/2-1/2"]
[WhiteElo "1403"]
[BlackElo "1963"]
[Annotator "NA RC"]
[PlyCount "124"]
[EventDate "2020.01.04"]
[EventType "swiss"]
[EventCountry "UAE"]
[SourceTitle "playchess.com"]
[Source "ChessBase"]
[SourceQuality "1"]
[TimeControl "5400+30"]

{[%evp 8,124,-5,-9,32767,32767,32767,32767,3,-14,0,-11,0,-2,-3,0,13,0,16,6,14,0,0,-1,0,-19,-16,-23,-12,0,-7,0,0,-11,-6,-16,4,0,0,0,7,9,9,0,63,78,77,0,3,0,0,-4,-16,0,-1,-69,-16,0,0,-18,-6,-61,-19,-21,0,-23,-16,-19,0,0,64,6,1,0,0,0,116,79,79,89,109,21,189,77,102,77,145,208,265,309,211,172,227,237,287,0,0,0,0,0,0,0,0,0,0,0,0,0,0,-8,0,0,0,0,0,0,0,0,0]} 1. e4 {[%emt 0:00:00]} e5 {[%emt 0:00:00]} 2. Nf3 {[%emt 0:00:00]} Nc6 {[%emt 0:00:00]} 3. Nc3 {[%emt 0:00:00]} Nf6 {[%emt 0:01:24]} 4. d4 {[%emt 0:00:00]} exd4 {[%emt 0:01:09]} 5. Nxd4 {[%emt 0:00:00]} Bb4 {[%emt 0:01:00]} 6. Nxc6 {[%emt 0:00:00]} bxc6 {[%emt 0:00:08]} 7. Bd3 {[%emt 0:00:02]} d5 {[%emt 0:02:22]} 8. exd5 {[%emt 0:00:06]} cxd5 {[%emt 0:00:20]} 9. O-O {[%emt 0:00:05]} O-O {[%emt 0:03:48]} 10. Bg5 {[%emt 0:00:06]} c6 {[%emt 0:03:33]} 11. Qf3 {[%emt 0:00:20]} Be7 {[%emt 0:01:53]} 12. h3 {[%emt 0:00:12]} h6 {[%emt 0:04:28]} 13. Bf4 {[%emt 0:00:09] C47: Scotch Four Knights and Four Knights with 4 g3} Bd6 {[%emt 0:08:46]} 14. Bxd6 {[%emt 0:01:42]} (14. Rfe1 Rb8 15. b3 Be6 16. Ne2 c5 17. Rad1 Re8 18. Bxd6 Qxd6 19. Nf4 Rbd8 20. Re2 g5 21. Nxe6 Rxe6 {½-½ (38) Erigaisi,A (2544)-Tabatabaei,M (2635) Sitges 2019}) 14... Qxd6 {[%emt 0:00:29]} 15. Ne2 {[%emt 0:01:53]} Bd7 $146 {[%emt 0:10:16]} ({Predecessor:} 15... Rb8 16. Rab1 c5 17. Ng3 Rb4 18. c3 Ra4 19. Ra1 Re8 20. Qd1 Bd7 {0-1 (62) Akgul,B (1641)-Sahin,H (1669) Kayseri 2010}) 16. Nf4 {[%emt 0:02:51]} Rab8 {[%emt 0:02:03]} 17. b3 {[%emt 0:00:06]} c5 {[%emt 0:04:48]} 18. Rad1 {[%emt 0:03:48]} Bc6 {[%emt 0:02:33]} 19. Qg3 {[%emt 0:02:29]} Rfd8 {[%emt 0:02:54]} 20. Rfe1 {[%emt 0:02:58]} a5 {[%emt 0:09:15]} 21. Ne2 {[%emt 0:15:56]} Qf8 {[%emt 0:00:52]} 22. Qc7 {[%emt 0:09:19]} Rdc8 {[%emt 0:08:48]} 23. Qxa5 {[%emt 0:00:52]} Ra8 {[%emt 0:02:12]} 24. Qd2 {[%emt 0:04:35]} Rxa2 {[%emt 0:01:21]} 25. Ng3 {[%emt 0:05:08]} Rd8 {[%emt 0:02:18]} (25... Bd7 $11) 26. Nf5 {[%emt 0:01:07]} Bd7 {[%emt 0:07:49]} 27. Qf4 {[%emt 0:17:06]} (27. Ne7+ $16 Kh8 28. Re5) 27... Bxf5 {[%emt 0:09:40]} 28. Qxf5 {[%emt 0:00:31]} Qd6 {[%emt 0:01:20]} 29. g4 {[%emt 0:07:57]} g6 {[%emt 0:00:18]} 30. Qf3 {[%emt 0:00:14]} Kg7 {[%emt 0:00:34]} 31. h4 {[%emt 0:01:21]} (31. Re2 $11) 31... h5 {[%emt 0:02:07]} 32. g5 {[%emt 0:11:55]} Ng4 {[%emt 0:01:15]} 33. Qg2 {[%emt 0:01:36]} Ne5 {[%emt 0:03:35]} 34. Qg3 {[%emt 0:00:55]} (34. Be4 $11) 34... Nc6 {[%emt 0:01:16]} 35. Qxd6 {[%emt 0:01:28]} Rxd6 {[%emt 0:00:08]} 36. Ra1 {[%emt 0:03:23]} Rxa1 {[%emt 0:01:22]} 37. Rxa1 {[%emt 0:00:06]} Ne5 {[%emt 0:00:24]} 38. Be2 {[%emt 0:00:19]} Rb6 {[%emt 0:01:15]} ({Black should try} 38... Nc6 $11) 39. f4 {[%emt 0:00:50]} ({White should try} 39. Ra5 $14) 39... Nc6 {[%emt 0:00:30]} 40. f5 {[%emt 0:04:04]} gxf5 {[%emt 0:01:07]} 41. Bxh5 {[%emt 0:00:10]} Ne5 {[%emt 0:00:26]} (41... Rb4 $11) 42. Rf1 {[%emt 0:00:48]} Rb4 {[%emt 0:00:32]} 43. Rxf5 {[%emt 0:01:22]} Re4 {[%emt 0:00:35]} 44. Kf2 {[%emt 0:01:37]} (44. Kg2 $16) 44... d4 {[%emt 0:00:26]} (44... Rxh4 $16 {might work better.} 45. Rxe5 Rxh5) 45. Bf3 {[%emt 0:00:41]} (45. Be2 $18 {and White stays clearly on top.}) 45... Nxf3 {[%emt 0:00:28]} 46. Kxf3 {[%emt 0:00:08]} ({But not} 46. Rxf3 Rxh4 47. Kg3 Re4 $11) 46... Rxh4 {[%emt 0:00:31]} 47. Rxc5 {[%emt 0:00:06]} Kg6 {[%emt 0:00:35]} 48. Ke2 {[%emt 0:01:48]} Rh3 {[%emt 0:00:29]} 49. Rd5 {[%emt 0:00:10]} (49. Kd2 $142) 49... d3+ {[%emt 0:00:32]} 50. Rxd3 {[%emt 0:00:45]} ({Don't take} 50. cxd3 $6 Rh5 $16) 50... Rh2+ {[%emt 0:00:20]} 51. Ke3 $2 {[%emt 0:00:32]} (51. Kd1 $18) 51... Rxc2 {[%emt 0:00:20]} 52. Rd5 {[%emt 0:00:27]} Rc3+ {[%emt 0:00:23]} 53. Rd3 {[%emt 0:00:13]} Rc5 {[%emt 0:00:14]} 54. Kf4 {[%emt 0:00:17]} Rf5+ {[%emt 0:00:15]} 55. Ke4 {[%emt 0:00:24]} Rxg5 {[%emt 0:00:10]} 56. Kf4 {[%emt 0:00:57]} Rb5 {[%emt 0:00:12]} 57. Rg3+ {[%emt 0:00:19]} Kf6 {[%emt 0:00:15]} 58. Rd3 {[%emt 0:00:08]} Ke6 {[%emt 0:00:17]} 59. Re3+ {[%emt 0:00:21]} Kd6 {[%emt 0:01:13]} 60. Rd3+ {[%emt 0:00:15]} Ke6 {[%emt 0:00:52]} 61. Re3+ {[%emt 0:00:07]} Kd6 {[%emt 0:00:56]} 62. Rd3+ {[%emt 0:00:01]} Ke6 $11 {[%emt 0:00:51]} 1/2-1/2

[Event "10th Sharjah Cup Women 2020"]
[Site "Sharjah"]
[Date "2020.01.08"]
[Round "6.19"]
[White "Shanya, Mishra"]
[Black "Fatima, Al Wahabi"]
[Result "1-0"]
[WhiteElo "1907"]
[BlackElo "1386"]
[Annotator "NA RC"]
[PlyCount "49"]
[EventDate "2020.01.04"]
[EventType "swiss"]
[EventCountry "UAE"]
[SourceTitle "playchess.com"]
[Source "ChessBase"]
[SourceQuality "1"]
[TimeControl "5400+30"]

{[%evp 8,49,14,23,14,25,17,26,28,-2,3,1,6,-6,-6,-54,-49,-67,104,104,151,149,176,104,118,102,169,162,172,204,211,167,323,320,390,387,414,406,629,399,631,623,751,750]} 1. d4 {[%emt 0:15:39]} Nf6 {[%emt 0:03:32]} 2. c4 {[%emt 0:00:06]} e6 {[%emt 0:00:04]} 3. g3 {[%emt 0:00:28]} d5 {[%emt 0:00:43]} 4. Bg2 {[%emt 0:00:15]} dxc4 {[%emt 0:00:48]} 5. Nf3 {[%emt 0:00:34]} Bb4+ {[%emt 0:02:33]} 6. Bd2 {[%emt 0:00:51]} a5 {[%emt 0:00:20]} 7. Qc2 {[%emt 0:02:14] E04: Open Catalan: 5 Nf3} (7. O-O O-O 8. Qc2 Bxd2 9. Nbxd2 b5 10. a4 c6 11. b3 cxb3 12. Nxb3 b4 13. e4 Nbd7 14. h4 h6 15. e5 {½-½ (93) Abasov,N (2632)-Piorun,K (2660) Khanty-Mansiysk 2019}) 7... Bxd2+ {[%emt 0:01:44]} 8. Nbxd2 {[%emt 0:00:18]} b5 {[%emt 0:05:37]} 9. a4 {[%emt 0:02:34]} c6 {[%emt 0:04:23]} 10. Ne5 {[%emt 0:02:10]} Nd5 {[%emt 0:01:52]} 11. Ne4 $146 {[%emt 0:03:15]} ({Predecessor:} 11. O-O $1 $11 O-O 12. e4 Nb4 13. Qc3 Nd7 14. Nxd7 Qxd7 {0-1 (44) Bunzmann,D (2555)-Pelletier,Y (2483) Lausanne 1999}) 11... f6 {[%emt 0:09:55]} 12. Nf3 {[%emt 0:02:26]} Nd7 {[%emt 0:08:51]} (12... O-O $15) 13. axb5 {[%emt 0:06:10]} N7b6 {[%emt 0:04:28]} 14. bxc6 {[%emt 0:01:39]} Nb4 {[%emt 0:01:16]} 15. Qd2 {[%emt 0:01:04]} Nxc6 {[%emt 0:02:15]} 16. Nc5 {[%emt 0:00:47]} Bd7 {[%emt 0:06:44]} (16... O-O $16) 17. O-O {[%emt 0:04:24]} Qc7 {[%emt 0:02:07]} 18. Bh3 {[%emt 0:01:30]} f5 {[%emt 0:07:41]} 19. Qe3 {[%emt 0:07:09]} Qc8 {[%emt 0:04:36]} (19... O-O $142 20. Bg2 (20. Nxe6 Bxe6 21. Qxe6+ {[%mdl 64] Double Attack} Kh8 $18) 20... Rfe8) 20. Nxd7 {[%emt 0:07:03]} Qxd7 {[%emt 0:01:41]} 21. Bxf5 {[%emt 0:07:38]} Nd8 {[%emt 0:01:51]} 22. Ng5 {[%emt 0:02:36]} O-O $2 {[%emt 0:08:14]} (22... Nd5 23. Qe5 Nc6) 23. Bxh7+ {[%emt 0:01:58]} Kh8 {[%emt 0:00:17]} 24. Bg6 {[%emt 0:01:50]} Rf6 $18 {[%emt 0:02:21]} 25. Qe4 {[%emt 0:00:52]} 1-0

[Event "10th Sharjah Cup Women 2020"]
[Site "Sharjah"]
[Date "2020.01.08"]
[Round "6.20"]
[White "Al-Hammadi, Maryam Hussein"]
[Black "Kyrkjebo, Marte B."]
[Result "0-1"]
[WhiteElo "1387"]
[BlackElo "1880"]
[Annotator "NA RC"]
[PlyCount "74"]
[EventDate "2020.01.04"]
[EventType "swiss"]
[EventCountry "UAE"]
[SourceTitle "playchess.com"]
[Source "ChessBase"]
[SourceQuality "1"]
[TimeControl "5400+30"]

{[%evp 8,74,25,32767,32767,32767,32767,6,5,-35,98,-72,-37,-59,-60,-58,-51,-138,-82,-66,-87,-90,-69,-84,-42,-40,-42,-83,-69,-66,-48,-38,-39,32767,32767,32767,32767,-35,-32,-35,-25,-76,-77,-65,-67,-82,-95,-113,-85,-206,-75,-109,-78,-119,-54,-94,0,-150,-181,-178,-180,-408,-462,-404,-38,-802,-925,-866,-960]} 1. e4 {[%emt 0:00:00]} e5 {[%emt 0:00:00]} 2. Nf3 {[%emt 0:00:00]} Nc6 {[%emt 0:00:00]} 3. Bb5 {[%emt 0:00:02]} a6 {[%emt 0:00:00]} 4. Ba4 {[%emt 0:00:14]} Nf6 {[%emt 0:00:00]} 5. Qe2 {[%emt 0:00:23]} b5 {[%emt 0:00:00]} 6. Bb3 {[%emt 0:00:07]} Be7 {[%emt 0:00:12]} 7. a4 {[%emt 0:00:14]} b4 {[%emt 0:04:21]} 8. d4 {[%emt 0:01:32] C77: Ruy Lopez: 3...a6 4 Ba4 Nf6, unusual lines} (8. a5 O-O 9. O-O Rb8 10. d3 d6 11. Be3 Rb5 12. Ba4 Rxa5 13. Nbd2 Bd7 14. Bxc6 Rxa1 15. Rxa1 Bxc6 16. Rxa6 Qd7 17. Ra7 {½-½ (36) Tiviakov,S (2670)-Ivanchuk,V (2756) Germany 2010}) 8... O-O {[%emt 0:30:02]} (8... d5 $1 $11) 9. d5 $2 {[%emt 0:04:11]} (9. dxe5 $16 {stays on course.} Ng4 10. Bd5) 9... Na5 $1 $146 {[%emt 0:06:46]} ({Predecessor:} 9... Nd4 10. Nxd4 exd4 11. e5 Bc5 12. O-O Ne8 13. Qd3 d6 14. f4 Bb7 15. Qe4 Qe7 {0-1 (37) Lelekova,O-Zaks,V Litohoto 1999}) 10. Nxe5 {[%emt 0:05:26]} Nxb3 {[%emt 0:01:20]} 11. cxb3 {[%emt 0:00:41]} Re8 {[%emt 0:02:41]} 12. f3 {[%emt 0:06:11]} (12. Nd2 $15) 12... Bf8 {[%emt 0:07:28]} 13. Nc4 {[%emt 0:01:40]} Nxd5 {[%emt 0:02:06] Pin} 14. O-O {[%emt 0:03:52]} Bc5+ {[%emt 0:04:18]} 15. Kh1 {[%emt 0:00:44]} d6 {[%emt 0:02:55]} 16. Qd3 {[%emt 0:00:32]} Nb6 {[%emt 0:02:25]} 17. a5 {[%emt 0:00:37]} Nd7 {[%emt 0:04:11]} 18. Be3 {[%emt 0:05:51]} Bxe3 {[%emt 0:01:08]} 19. Nxe3 {[%emt 0:00:26]} Nc5 {[%emt 0:00:54]} 20. Qc2 {[%emt 0:01:03]} Be6 {[%emt 0:02:16]} 21. Nd2 {[%emt 0:01:31]} Qf6 {[%emt 0:02:00]} 22. Ndc4 {[%emt 0:06:20]} Rab8 {[%emt 0:03:09]} 23. Rfd1 {[%emt 0:04:21]} Rb5 {[%emt 0:02:25]} 24. Rd2 {[%emt 0:23:48]} Nb7 {[%emt 0:02:14]} 25. Qd1 {[%emt 0:03:02]} Qg5 {[%emt 0:02:12]} 26. Rd4 {[%emt 0:20:17]} Nxa5 {[%emt 0:03:27]} 27. f4 {[%emt 0:02:19]} Qc5 {[%emt 0:08:31]} 28. f5 {[%emt 0:00:43] [#]} (28. Nxa5 $17 Rxa5 29. Rc1) 28... Bxc4 $2 {[%emt 0:02:44]} (28... Nxb3 $1 $19 {[%mdl 512] and Black stays clearly on top.} 29. Qxb3 Qxd4 30. fxe6 Rxe6) 29. bxc4 {[%emt 0:02:41]} Rbb8 {[%emt 0:00:52]} 30. Qd3 {[%emt 0:00:32]} Nc6 {[%emt 0:01:47]} 31. Rd5 {[%emt 0:00:37]} Qb6 {[%emt 0:00:31] [#]} (31... Ne5 $17 32. Qe2 Qc6) 32. b3 {[%emt 0:00:55]} (32. f6 $1 $11 {[%mdl 512]}) 32... Ne5 {[%emt 0:00:51]} 33. Qd2 {[%emt 0:01:47] [#]} Nd7 $1 {[%emt 0:01:02]} 34. Rd4 $2 {[%emt 0:01:36]} (34. e5) 34... Nc5 $1 {[%emt 0:00:28] Double Attack} 35. Nd5 {[%emt 0:00:17]} Qa7 $2 {[%emt 0:00:51]} ({Black should try} 35... Nxb3 $19 36. Nxb6 Nxd2 37. Rxd2 Rxb6) 36. Qe3 $2 {[%emt 0:00:29] [#]} (36. f6 $15) 36... Nxb3 $1 {[%emt 0:00:34] Double Attack, Discovered Attack} 37. Qxb3 $19 {[%emt 0:02:24]} Qxd4 {[%emt 0:00:02] Double Attack} 0-1

[Event "10th Sharjah Cup Women 2020"]
[Site "Sharjah"]
[Date "2020.01.08"]
[Round "6.21"]
[White "Mission, Cheryll Rosales"]
[Black "Greibrokk, Ingrid"]
[Result "0-1"]
[WhiteElo "1135"]
[BlackElo "1855"]
[Annotator "NA RC"]
[PlyCount "62"]
[EventDate "2020.01.04"]
[EventType "swiss"]
[EventCountry "UAE"]
[SourceTitle "playchess.com"]
[Source "ChessBase"]
[SourceQuality "1"]
[TimeControl "5400+30"]

{[%evp 8,61,7,-15,-20,-75,-70,-158,-154,-143,-158,-247,-280,-883,-675,-655,-653,-641,-660,-758,-718,-973,-1072,-1057,-1066,-1038,-1062,-1266,-1351,-1323,-1221,-29989,-1308,-1250,-1325,-1288,-1398,-1832,-2182,-29990,-29991,-29991,-1260,-29992,-893,-29992,32767,32767,32767,-29996,-29997,-29997,-29998,-29998,-29999,-29999]} 1. d4 {[%emt 0:01:13]} d5 {[%emt 0:00:00]} 2. Nf3 {[%emt 0:00:11]} Nf6 {[%emt 0:00:00]} 3. Bf4 {[%emt 0:00:31]} e6 {[%emt 0:00:09]} 4. a3 {[%emt 0:00:26]} c5 {[%emt 0:00:23]} 5. c4 {[%emt 0:00:22]} dxc4 {[%emt 0:00:38]} 6. Qa4+ {[%emt 0:00:12]} Nc6 {[%emt 0:01:48]} 7. Be5 {[%emt 0:01:19]} (7. dxc5 $15 Bxc5 8. Qxc4) 7... Bd7 {[%emt 0:02:07]} ({Don't play} 7... cxd4 8. Nxd4 Bd7 9. Nxc6 $17) 8. Qxc4 {[%emt 0:00:24]} Rc8 {[%emt 0:18:30]} 9. Qc2 {[%emt 0:04:27]} (9. Qb3 $142) 9... cxd4 {[%emt 0:00:41]} 10. Qd3 $2 {[%emt 0:03:26]} (10. Bxf6 gxf6 11. Qd1) 10... Nxe5 {[%emt 0:00:31]} 11. Nxe5 {[%emt 0:00:35]} Qa5+ {[%emt 0:00:04]} 12. Nd2 {[%emt 0:00:55]} Qxe5 {[%emt 0:00:09]} 13. Nc4 {[%emt 0:01:03]} Qc7 {[%emt 0:01:17]} 14. Rc1 {[%emt 0:00:35]} b5 {[%emt 0:00:31]} 15. Nd6+ {[%emt 0:00:51]} Qxd6 {[%emt 0:00:06]} 16. Rxc8+ {[%emt 0:00:45]} Bxc8 {[%emt 0:00:05]} 17. Qxb5+ {[%emt 0:00:25]} Bd7 {[%emt 0:00:14]} 18. Qd3 {[%emt 0:00:12]} Qc5 {[%emt 0:00:21]} 19. Qd1 {[%emt 0:01:21]} Bd6 {[%emt 0:00:40]} (19... Ne4 $142 20. e3 Qa5+ 21. Ke2 Qb5+ 22. Ke1 {[#]} Bb4+ $1 {[%mdl 512]} 23. axb4 Qxb4+ {[%mdl 64] Double Attack} 24. Ke2 Qxb2+ 25. Qd2 Qxd2+ 26. Kf3 Qxf2+ 27. Kg4 h5+ 28. Kh3 Ng5#) 20. g3 {[%emt 0:00:58]} Bc6 {[%emt 0:00:05]} 21. f3 {[%emt 0:01:19]} O-O {[%emt 0:00:13]} 22. b4 {[%emt 0:00:42]} Qc3+ {[%emt 0:00:14] Double Attack} 23. Kf2 {[%emt 0:00:24]} Ng4+ {[%emt 0:00:07] Pin} 24. Kg1 {[%emt 0:00:40]} Qe3+ {[%emt 0:00:45]} 25. Kg2 {[%emt 0:00:18]} Qf2+ {[%emt 0:00:04]} 26. Kh3 {[%emt 0:00:13]} Nxh2 {[%emt 0:00:05]} 27. f4 {[%emt 0:04:55]} Bxh1 {[%emt 0:00:35]} 28. e4 {[%emt 0:00:34]} Nxf1 {[%emt 0:00:26]} 29. Qd3 Qh2+ {[%emt 0:00:08]} 30. Kg4 {[%emt 0:02:52]} h5+ {[%emt 0:00:08]} 31. Kg5 {[%emt 0:00:12]} Be7# 0-1

[Event "10th Sharjah Cup Women 2020"]
[Site "Sharjah"]
[Date "2020.01.08"]
[Round "6.22"]
[White "Jalaluldeen, Kareen Kamal J."]
[Black "Fatima, Saif Al-Ali"]
[Result "1-0"]
[WhiteElo "1784"]
[BlackElo "1339"]
[Annotator "NA RC"]
[PlyCount "43"]
[EventDate "2020.01.04"]
[EventType "swiss"]
[EventCountry "UAE"]
[SourceTitle "playchess.com"]
[Source "ChessBase"]
[SourceQuality "1"]
[TimeControl "5400+30"]

1. d4 {[%emt 0:00:00]} d5 {[%emt 0:00:46]} 2. c4 {[%emt 0:00:00]} e6 {[%emt 0:00:08]} 3. Nc3 {[%emt 0:00:00]} Nf6 {[%emt 0:00:36]} 4. Bg5 {[%emt 0:00:01]} Be7 {[%emt 0:00:50]} 5. Nf3 {[%emt 0:00:18]} h6 {[%emt 0:00:29]} 6. Bh4 {[%emt 0:00:13]} O-O {[%emt 0:00:57]} 7. e3 {[%emt 0:00:06]} b6 {[%emt 0:00:07]} 8. Bd3 {[%emt 0:03:42]} dxc4 {[%emt 0:00:10]} 9. Bxc4 {[%emt 0:00:01]} Bb7 {[%emt 0:00:43]} 10. Qe2 {[%emt 0:01:35]} Nbd7 {[%emt 0:03:18]} 11. O-O {[%emt 0:10:05]} c5 {[%emt 0:01:36]} 12. Rfd1 {[%emt 0:00:59]} Qc8 {[%emt 0:00:50]} 13. Rac1 {[%emt 0:04:50]} Re8 {[%emt 0:03:19]} 14. Bg3 {[%emt 0:10:47]} Ne4 {[%emt 0:10:01]} 15. Nxe4 {[%emt 0:03:35]} Bxe4 {[%emt 0:00:15]} 16. dxc5 {[%emt 0:02:48]} Nxc5 {[%emt 0:07:10]} 17. b4 {[%emt 0:01:12]} Na4 {[%emt 0:01:37]} 18. Be5 {[%emt 0:06:07]} Bxb4 {[%emt 0:04:18]} 19. Ba6 {[%emt 0:01:27]} Qxc1 {[%emt 0:02:10]} 20. Rxc1 {[%emt 0:00:05]} Nc5 {[%emt 0:00:18]} 21. Bc4 {[%emt 0:04:30]} a6 {[%emt 0:00:26]} 22. Nd4 {[%emt 0:11:06]} 1-0

[Event "10th Sharjah Cup Women 2020"]
[Site "Sharjah"]
[Date "2020.01.08"]
[Round "6.23"]
[White "Razan, Alshaeby"]
[Black "Aysha Nasser H Alshamsi"]
[Result "0-1"]
[WhiteElo "1735"]
[BlackElo "1303"]
[Annotator "NA RC"]
[PlyCount "66"]
[EventDate "2020.01.04"]
[EventType "swiss"]
[EventCountry "UAE"]
[SourceTitle "playchess.com"]
[Source "ChessBase"]
[SourceQuality "1"]
[TimeControl "5400+30"]

1. e4 {[%emt 0:00:00]} e5 {[%emt 0:00:00]} 2. Nc3 {[%emt 0:00:00]} Nf6 {[%emt 0:00:00]} 3. g3 {[%emt 0:00:00]} d5 {[%emt 0:00:00]} 4. exd5 {[%emt 0:00:00]} Nxd5 {[%emt 0:00:09]} 5. Bg2 {[%emt 0:00:00]} Nxc3 {[%emt 0:00:32]} 6. bxc3 {[%emt 0:00:00]} Nc6 {[%emt 0:00:37]} 7. Nf3 {[%emt 0:00:13]} Bc5 {[%emt 0:01:26]} 8. O-O {[%emt 0:00:57]} Bg4 {[%emt 0:01:31]} 9. h3 {[%emt 0:00:20]} Bh5 {[%emt 0:01:48]} 10. Re1 {[%emt 0:00:52]} O-O {[%emt 0:03:12]} 11. g4 {[%emt 0:00:17]} Bg6 {[%emt 0:00:09]} 12. Nxe5 {[%emt 0:00:33]} Nxe5 {[%emt 0:00:49]} 13. Rxe5 {[%emt 0:00:25]} Bxf2+ {[%emt 0:23:43]} 14. Kxf2 {[%emt 0:00:04]} Qf6+ {[%emt 0:00:38]} 15. Rf5 {[%emt 0:00:05]} Bxf5 {[%emt 0:02:46]} 16. gxf5 {[%emt 0:00:04]} Qxf5+ {[%emt 0:00:17]} 17. Kg1 {[%emt 0:02:33]} Rad8 {[%emt 0:10:44]} 18. Rb1 {[%emt 0:06:38]} b6 {[%emt 0:00:33]} 19. Rb3 {[%emt 0:15:20]} Rfe8 {[%emt 0:01:35]} 20. d3 {[%emt 0:00:36]} Re6 {[%emt 0:02:18]} 21. Bd2 {[%emt 0:05:16]} Rde8 {[%emt 0:02:57]} 22. Qf3 {[%emt 0:00:48]} Qa5 {[%emt 0:03:10]} 23. Rb4 {[%emt 0:16:22]} Qxa2 {[%emt 0:12:43]} 24. Qh5 {[%emt 0:02:18]} Qxc2 {[%emt 0:04:14]} 25. Bg5 {[%emt 0:12:05]} Qxd3 {[%emt 0:17:08]} 26. Rg4 {[%emt 0:05:34]} Rg6 {[%emt 0:03:59]} 27. Rf4 {[%emt 0:03:34]} Qg3 {[%emt 0:01:18]} 28. Rf1 {[%emt 0:04:25]} Qxg5 {[%emt 0:00:35]} 29. Qf3 {[%emt 0:00:17]} Rf6 {[%emt 0:00:34]} 30. Qd1 {[%emt 0:02:24]} Rxf1+ {[%emt 0:00:09]} 31. Qxf1 {[%emt 0:01:01]} Qe3+ {[%emt 0:00:19]} 32. Kh2 {[%emt 0:00:09]} Qe5+ {[%emt 0:00:08]} 33. Kg1 {[%emt 0:01:11]} Qe1 {[%emt 0:00:07]} 0-1